Applied Statistics for Business and Economics / Second Edition (Record no. 2587)
[ view plain ]
| 000 -LEADER | |
|---|---|
| fixed length control field | 01382cam a22002054a 4500 |
| 005 - ΗΜΕΡΟΜΗΝΙΑ ΚΑΙ ΩΡΑ ΤΕΛΕΥΤΑΙΑΣ ΕΝΗΜΕΡΩΣΗΣ | |
| Πεδίο ελέγχου | 20250605164047.0 |
| 008 - FIXED-LENGTH DATA ELEMENTS--GENERAL INFORMATION | |
| Πεδίο ελέγχου σταθερού μήκους | 250528s ||||||||||||||||||||||||d |
| 035 ## - SYSTEM CONTROL NUMBER | |
| System control number | 17148 |
| 020 ## - ISBN | |
| ISBN | 256140227 |
| 040 ## - ΠΗΓΗ ΚΑΤΑΛΟΓΟΓΡΑΦΗΣΗΣ | |
| Φορέας πρωτότυπης καταλογογράφησης | MC Athens Campus Library |
| Γλώσσα καταλογογράφησης | Ελληνικά, Μοντέρνα (1453-) |
| Modifying agency | MC Athens Campus Library |
| Κανόνες περιγραφικής καταλογογράφησης | AACR2 |
| 245 1# - ΤΙΤΛΟΣ ΚΑΙ ΔΗΛΩΣΗ ΥΠΕΥΘΥΝΟΤΗΤΑΣ | |
| Τίτλος | Applied Statistics for Business and Economics / Second Edition |
| 250 ## - EDITION STATEMENT | |
| Edition statement | 2nd |
| 260 ## - PUBLICATION, DISTRIBUTION, ETC. | |
| Name of publisher, distributor, etc. | Irwin Mcgraw-Hill, |
| Date of publication, distribution, etc. | 1995 |
| 300 ## - PHYSICAL DESCRIPTION | |
| Extent | 1052 |
| 520 ## - SUMMARY, ETC. | |
| Summary, etc. | The Role of Statistics, Describing Data Sets, Measures of Central Tendency and Dispersion, Principles of Probability, Probability Distributions, The Normal Distribution, Sampling Distributions: An Introduction to Inferential Statistics, Estimating with Confidence Intervals, Hypothesis Testing, Inferences Using Two Populations: Confidence Intervals and Hypothesis Tests, Techniques of Quality Control, Tests of Variances and Analysis of Variance, Simple Regression and Correlation Analysis, Multiple Regression and Correlation Analysis, Multiple Regression and Correlation, Dummy Variables and Residual Analysis: Extensions of Regression and Correlation, Chi-Square and Other Nonparametric Tests, Time-Series Analysis and Forecasting, Index Numbers, Decision Analysis, Business Report Writing, Answers to Selected Even-Numbered Problems, Statistical Tables, Index. |
| 700 1# - ΠΡΟΣΘΕΤΗ ΑΝΑΓΡΑΦΗ--ΦΥΣΙΚΟ ΠΡΟΣΩΠΟ | |
| Personal name | Webster Allen L |
| 9 (RLIN) | 3297 |
| 942 ## - ADDED ENTRY ELEMENTS (KOHA) | |
| Koha item type | Books |
| Τύπος τεκμηρίου | Βιβλιοθήκη | Τρέχουσα τοποθεσία | Barcode | Αριθμός εισαγωγής | Ημερομηνία απόκτησης | Ταξιθετικό σύμβολο | Αριθμός αντιτύπου | Κατάσταση απόσυρσης | Κατάσταση χαμένου | Κατάσταση κατεστραμμένου | Μη δανεισμός | Σύνολο δανεισμών | Ημερομηνία τελευταίας εμφάνισης | Η τιμή ισχύει από |
|---|---|---|---|---|---|---|---|---|---|---|---|---|---|---|
| Books | MC Athens Campus Library | MC Athens Campus Library | 9780000025869 | 8066 | 05/06/2025 | 519.5/02433 WEB | 1 | 05/06/2025 | 05/06/2025 |